=LDR 00000nam 2200000 4500 =001 INLIS000000000045486 =005 20220718011954 =035 ##$$a 0010-021500000000046 =008 220718################g##########0#ind## =020 ##$$a 978-979-29-2248-6 =040 ##$$a NBPDMAT =082 ##$$a 530.076 =090 ##$$a 530.076 $b Agu s =100 ##$$a Agus Kamaludin =245 1#$$a Super pintar Fisika SMA kelas 10,11, 12 jurus cepat kuasai fisika : $b Jurus cara cepat kuasai fisika /$c Agus Kamaludin =250 ##$$a Cet.1 =260 ##$$a Yogyakarta :$b G. Media,$c 2012 =300 ##$$a 134 hlm. : $b ilus ; $c 15 cm =500 ##$$a Bibliografi : hlm.131 =650 #4$$a Fisika SMA- Soal dsb =850 ##$$a NBPDMAT =990 ##$$a 21423077 =990 ##$$a 21423078 =990 ##$$a 21423079 =990 ##$$a 21423080 =990 ##$$a 21423081